000 00721nam a22002537a 4500
001 BINCO
003 CO-MdBIC
005 20220422161913.0
008 220422b2010 spaa|||| |||| 00| 0 spa d
020 _a9788498712230
040 _a CO-MdBIC
_bspa.
_cCO-MdBIC
_d CO-MdBIC
041 _aspa
082 _222
_a863
_bB451
100 _a Belmontes, Juan Alfonso
245 _a La boda de Gallo Pinto
_c/Belmontes, Juan Alfonso, escritor
250 _aPrimera edición
260 1 _aGalicia, España:
_bOQO,
_c[2010]
260 _a© 2010
300 _a32 paginas;
_bilustraciones a color:
_c26 cm.
490 _aOQO
650 7 _9100
_aEducación infantil
700 _aNatalie Pudalov
_eilustradora
942 _cLGB
999 _c67773
_d67773